000 00264 a2200109 4500
000 nam a22 7a 4500
005 20260123152620.0
100 _aWhitford, David
_91105626
245 _aProteins: Structure and Function
260 _bWiley
_c2005
942 _cTEXL
999 _c1670796
_d1670796